Las Luchas sociales en Costa Rica: 1870-1930 /
में बचाया:
| मुख्य लेखक: | |
|---|---|
| स्वरूप: | मूलपाठ |
| भाषा: | Spanish |
| प्रकाशित: |
San José, Costa Rica:
Fondo Editorial de Lucha de Clases
1977
|
| संस्करण: | 2 |
| विषय: | |
| टैग: |
टैग जोड़ें
कोई टैग नहीं, इस रिकॉर्ड को टैग करने वाले पहले व्यक्ति बनें!
|
MARC
| LEADER | 00000 a a2200000 04500 | ||
|---|---|---|---|
| 001 | 25928 | ||
| 003 | cru CIDCACS/IIS | ||
| 005 | 20240103150257.0 | ||
| 008 | 230620s1977 cr|||||| |||| 00| 0 spa d | ||
| 020 | |a Sin ISBN | ||
| 040 | |a Centro de Recursos para el Aprendizaje y la Investigación |c cru CIDCACS/IIS | ||
| 090 | |a 05.03.07 D332 lu | ||
| 100 | |a Cruz de Lemos, Vladimir de la | ||
| 245 | |a Las Luchas sociales en Costa Rica: |b 1870-1930 / |c Vladimir de la Cruz | ||
| 250 | |a 2 | ||
| 260 | |a San José, Costa Rica: |b Fondo Editorial de Lucha de Clases |c 1977 | ||
| 300 | |a 304 páginas | ||
| 500 | |a Colección Centroamérica | ||
| 650 | 0 | 0 | |9 3 |a MOVIMIENTOS SOCIALES |
| 650 | 0 | 0 | |9 4 |a MOVIMIENTOS OBREROS |
| 650 | 0 | 4 | |a LUCHA DE CLASES |9 3244 |
| 650 | 0 | 0 | |a PARTIDO COMUNISTA |9 7170 |
| 852 | 1 | 1 | |a 05.03.07 D332 l |
| 942 | |2 ddc |c TE |h 05.03.07 D332 lu |i 07049 |6 050307_D332_LU_07049 | ||
| 999 | |c 45424 |d 45424 | ||
